| 000 | 01616nam a2200325 i 4500 | ||
|---|---|---|---|
| 001 | 000038006 | ||
| 003 | DO-SdBNP | ||
| 005 | 20260420090347.0 | ||
| 007 | ta | ||
| 008 | 130312s 2012 dr 000 e spa d | ||
| 020 | _a9789945489125 | ||
| 040 |
_aDO-SdBNP _bspa _cBNPHU _erda |
||
| 041 | _aspa | ||
| 082 | 4 |
_aRD864.44 _bB742V _222 |
|
| 100 | 1 |
_aVeloz Maggiolo, Marcio, _d1936-2021 _eautor _4aut. _91104 |
|
| 245 | 1 | 0 |
_aJuan Bosch : _bapuntes sobre su obra / _cMarcio Veloz Maggiolo. |
| 264 |
_aSanto Domingo, República Dominicana : _bEditorial Santuario, _c2012. |
||
| 300 |
_a133 páginas ; _c24 cm. |
||
| 336 |
_atexto _btxt _2rdacontent a |
||
| 337 |
_asin mediación _bn _2rdamedia |
||
| 338 |
_avolumen _bnc _2rdacarrier |
||
| 500 | _aIncluye datos biográficos del autor en la solapa de la cubierta | ||
| 505 | _aRecuerdos primordiales 09 -- Juan Bosch : tres obras históricas 13 -- Bolívar y la guerra social 39 -- Bosch y Hostos, el Sembrador 49 -- Simón Bolívar, Biografía para escolares 67 -- Juan Vicente Gómez Camino hacia el poder 75 -- Bosch, cien años 81 -- Juan Bosch : inicios de una narrativa 87 -- Bosch; Chile y la canción del Mapocho 103 -- Juan Bosch, Tabucchi y la canción de las cabezas perdidas 107 -- La Mañosa Arqueología de un mundo imaginario 111 -- Matos Moquete y la dominicanidad de Bosch 127 | ||
| 590 | _aInventariado, 2020/MFF | ||
| 600 | 1 | 0 |
_a Bosch, Juan, _d1909-2001 _xCrítica e interpretación _976555 |
| 650 | 7 |
_aLiteratura dominicana. _967 _2LEMB |
|
| 650 | 7 |
_aEnsayos dominicanos _2LEMB |
|
| 910 | _aValidado. Control de calidad MFF | ||
| 942 |
_2ddc _cLBS1 |
||
| 999 |
_c37496 _d37496 |
||